000 02277cam a22004577i 4500
001 17752196
003 LC
005 20170301093659.0
008 130524s2013 nyu d 000 1 eng d
010 _a 2013941315
020 _a9780062396969
035 _a(OCoLC)ocn855550266
040 _aUPZ
_beng
_cUPZ
_erda
_dNZAUC
_dOCLCO
_dBDX
_dBTCTA
_dIEB
_dJAG
_dNYP
_dIEP
_dNDS
_dIXA
_dDLC
042 _alccopycat
050 0 0 _aPZ7.R7375
_bAl 2013
082 0 0 _a[Fic]
100 1 _aRoth, Veronica,
_eauthor.
245 1 0 _aAllegiant /
_cVeronica Roth.
250 _aFirst edition.
260 _aNew York:
_bKatherine Tegen Books
_c2013
300 _a526 pages ;
_c22 cm.
490 1 _aDivergent series ;
_vbk. 3
500 _aSequel to: Insurgent.
520 _aThe faction-based society that Tris Prior once believed in is shattered -- fractured by violence and power struggles and scarred by loss and betrayal. So when offered a chance to explore the world past the limits she's known, Tris is ready. Perhaps beyond the fence, she and Tobias will find a simple new life together, free from complicated lies, tangled loyalties, and painful memories. But Tris's new reality is even more alarming than the one she left behind. Old discoveries are quickly rendered meaningless. Explosive new truths change the hearts of those she loves. And once again, Tris must battle to comprehend the complexities of human nature -- and of herself -- while facing impossible choices about courage, allegiance, sacrifice and love.
650 0 _aDystopias
_vJuvenile fiction.
650 0 _aIdentity (Philosophical concept)
_vJuvenile fiction.
650 0 _aFamilies
_vJuvenile fiction.
650 0 _aCourage
_vJuvenile fiction.
650 0 _aSocial classes
_vJuvenile fiction.
650 0 _aLoyalty
_vJuvenile fiction.
650 1 _aDystopias
_vFiction.
650 1 _aSocial classes
_vFiction.
650 1 _aLoyalty
_vFiction.
650 1 _aScience fiction.
655 0 _aScience fiction.
655 0 _aYoung adult fiction.
800 1 _aRoth, Veronica.
_tDivergent series ;
_vbk. 3.
906 _a7
_bcbc
_ccopycat
_d2
_eepcn
_f20
_gy-gencatlg
942 _2lcc
_cBK
999 _c317064
_d317064